[Event "Bethune op 24th"]
[Site "Bethune"]
[Date "2003.12.27"]
[Round "3"]
[White "Chemali, Lahcene"]
[Black "Lucas, Jean"]
[Result "1-0"]
[WhiteElo "2112"]
[BlackElo "2014"]
[PlyCount "55"]
[EventDate "2003.12.26"]
[EventType "swiss"]
[EventRounds "9"]
[EventCountry "FRA"]
[SourceTitle "CBM 098 Extra"]
[Source "ChessBase"]
[SourceDate "2004.03.10"]
[SourceVersion "2"]
[SourceVersionDate "2004.03.10"]
[SourceQuality "1"]

1. e4 e5 2. Nf3 Nc6 3. Bb5 f5 4. Nc3 fxe4 5. Nxe4 d5 6. Nxe5 dxe4 7. Nxc6 Qg5 8. Qe2 Nf6 9. f4 Qxf4 10. d4 Qd6 11. Ne5+ c6 12. Bc4 Be6 13. Be3 Qb4+ 14. c3 Bxc4 15. Nxc4 Qb5 16. Bf4 0-0-0 17. Be5 Be7 18. a4 Qb3 19. 0-0 Rhg8 20. Kh1 Nd5 21. Rf7 Rd7 22. Rxe7 Rxe7 23. Ra3 Qxa3 24. Nxa3 Nf6 25. h3 Kd7 26. Nc4 b5 27. axb5 cxb5 28. Nd2 1-0

[Event "Bethune op 24th"]
[Site "Bethune"]
[Date "2003.12.26"]
[Round "1"]
[White "Chemali, Lahcene"]
[Black "Bunzmann, Dimitrij"]
[Result "0-1"]
[WhiteElo "2112"]
[BlackElo "2542"]
[PlyCount "76"]
[EventDate "2003.12.26"]
[EventType "swiss"]
[EventRounds "9"]
[EventCountry "FRA"]
[SourceTitle "CBM 098 Extra"]
[Source "ChessBase"]
[SourceDate "2004.03.10"]
[SourceVersion "2"]
[SourceVersionDate "2004.03.10"]
[SourceQuality "1"]

1. e4 e6 2. d4 d5 3. Nc3 Bb4 4. exd5 exd5 5. Qf3 Nc6 6. Bb5 Nge7 7. Nge2 0-0 8. Be3 Bf5 9. 0-0-0 Qd7 10. h3 a6 11. Bd3 Bxc3 12. Nxc3 Bxd3 13. Rxd3 b5 14. Re1 Rfe8 15. Qg4 Nf5 16. Bd2 Rxe1+ 17. Bxe1 Re8 18. Bd2 Qe6 19. Be3 Na5 20. Qf3 c6 21. b3 Nb7 22. Kb2 Nbd6 23. g4 Nh4 24. Qg3 Ng6 25. h4 b4 26. Na4 Ne4 27. Qh3 h5 28. f3 Nf6 29. Nc5 hxg4 30. Qh2 Qf5 31. fxg4 Nxg4 32. Qg3 a5 33. Bd2 Nf6 34. Qc7 Re2 35. Qxa5 Qf2 36. Qxb4 Ne4 37. Kc1 Nxd2 38. Rxd2 Qe1+ 0-1

[Event "FRA-chT3 Gr8 0203"]
[Site "France"]
[Date "2003.04.06"]
[Round "9"]
[White "Chemali, Lahcene"]
[Black "Morelle, Ludovic"]
[Result "1/2-1/2"]
[WhiteElo "2113"]
[BlackElo "2118"]
[PlyCount "32"]
[EventDate "2002.10.??"]
[EventType "team"]
[EventRounds "9"]
[EventCountry "FRA"]
[SourceTitle "EXT 2005"]
[Source "ChessBase"]
[SourceDate "2004.11.15"]
[SourceVersion "1"]
[SourceVersionDate "2004.11.15"]
[SourceQuality "1"]

1. e4 c5 2. Nf3 Nf6 3. Nc3 d5 4. e5 Nfd7 5. e6 fxe6 6. Ng5 Nf6 7. Bb5+ Nc6 8. Qe2 Qd6 9. f4 Bd7 10. Bxc6 Qxc6 11. d3 g6 12. 0-0 Bg7 13. Re1 0-0 14. Nxe6 Qxe6 15. Qxe6+ Bxe6 16. Rxe6 Kf7 1/2-1/2

[Event "FRA-chT3 Gr8 0203"]
[Site "France"]
[Date "2003.01.19"]
[Round "5"]
[White "Chemali, Lahcene"]
[Black "Jouglet, Fabian"]
[Result "1/2-1/2"]
[WhiteElo "2113"]
[BlackElo "2011"]
[PlyCount "66"]
[EventDate "2002.10.??"]
[EventType "team"]
[EventRounds "9"]
[EventCountry "FRA"]
[SourceTitle "EXT 2005"]
[Source "ChessBase"]
[SourceDate "2004.11.15"]
[SourceVersion "1"]
[SourceVersionDate "2004.11.15"]
[SourceQuality "1"]

1. d4 Nf6 2. c4 e6 3. g3 b6 4. Bg2 d5 5. Nf3 Bb7 6. Ne5 Be7 7. Qa4+ c6 8. 0-0 0-0 9. Rd1 Qc7 10. Nc3 Nbd7 11. Bf4 Bd6 12. Nxd7 Nxd7 13. Bxd6 Qxd6 14. e4 dxc4 15. Qxc4 Qe7 16. Rac1 Nf6 17. e5 Nd5 18. Nxd5 cxd5 19. Qc7 Rfe8 20. Rc3 Rac8 21. Qxe7 Rxe7 22. Rxc8+ Bxc8 23. Rc1 Bb7 24. Bf1 Kf8 25. Bb5 a6 26. Bd3 h6 27. f4 Ke8 28. Kf2 Kd8 29. f5 exf5 30. Bxf5 Rc7 31. Rxc7 Kxc7 32. Ke3 Bc8 33. Bd3 a5 1/2-1/2

[Event "Bethune op-A 23th"]
[Site "Bethune"]
[Date "2002.12.30"]
[Round "7"]
[White "Gharamian, Tigran"]
[Black "Chemali, Lahcene"]
[Result "1/2-1/2"]
[WhiteElo "2239"]
[BlackElo "2017"]
[PlyCount "91"]
[EventDate "2002.12.26"]
[EventType "swiss"]
[EventRounds "7"]
[EventCountry "FRA"]
[SourceTitle "CBM 091 Extra"]
[Source "ChessBase"]
[SourceDate "2003.01.09"]
[SourceVersion "1"]
[SourceVersionDate "2003.01.09"]
[SourceQuality "1"]

1. e4 c5 2. Nc3 Nc6 3. Bb5 Nd4 4. Bc4 g6 5. Nf3 e6 6. Nxd4 cxd4 7. Nb5 Qb6 8. c3 dxc3 9. dxc3 a6 10. Nd4 Bg7 11. 0-0 Ne7 12. Bb3 0-0 13. Bg5 Qc5 14. Nf3 b5 15. Re1 Nc6 16. Qd2 a5 17. Be3 Qe7 18. Bg5 Qc5 19. Be3 Qe7 20. Bf4 Re8 21. e5 f6 22. exf6 Bxf6 23. Ng5 a4 24. Bc2 b4 25. Ne4 Bg7 26. Bg5 Qf8 27. Re3 Ne5 28. Nd6 a3 29. b3 Nf7 30. Nxe8 Qxe8 31. Bf4 Bxc3 32. Rxc3 bxc3 33. Qxc3 Bb7 34. Qb4 Bc6 35. Re1 Qf8 36. Qb6 Qg7 37. Qe3 Qb2 38. Bb1 Bd5 39. h4 Bxb3 40. axb3 a2 41. Bxa2 Rxa2 42. Rd1 Ra1 43. Rxa1 Qxa1+ 44. Qc1 Qxc1+ 45. Bxc1 Kf8 46. Kf1 1/2-1/2

[Event "Bethune op-A 23th"]
[Site "Bethune"]
[Date "2002.12.27"]
[Round "3"]
[White "Jossien, Arnaud"]
[Black "Chemali, Lahcene"]
[Result "0-1"]
[WhiteElo "2355"]
[BlackElo "2017"]
[PlyCount "78"]
[EventDate "2002.12.26"]
[EventType "swiss"]
[EventRounds "7"]
[EventCountry "FRA"]
[SourceTitle "CBM 091 Extra"]
[Source "ChessBase"]
[SourceDate "2003.01.09"]
[SourceVersion "1"]
[SourceVersionDate "2003.01.09"]
[SourceQuality "1"]

1. d4 d5 2. Bf4 c5 3. e3 Nc6 4. Nf3 Bg4 5. Be2 e6 6. 0-0 Nf6 7. c3 Be7 8. Nbd2 0-0 9. h3 Bh5 10. g4 Bg6 11. Nh4 Rc8 12. Nxg6 hxg6 13. Bd3 Qb6 14. Rb1 Rfe8 15. h4 Bf8 16. h5 gxh5 17. gxh5 e5 18. dxe5 Nxe5 19. Bf5 Rcd8 20. Nf3 Nxf3+ 21. Qxf3 Ne4 22. Rfd1 Qc6 23. Qg2 Qf6 24. Qg4 Qc6 25. Rd3 Nf6 26. Qf3 Bd6 27. Bg5 Be5 28. Rbd1 Qb6 29. Qg2 Qxb2 30. h6 g6 31. Bxg6 Bxc3 32. e4 fxg6 33. Bxf6 Bxf6 34. Qxg6+ Kh8 35. Rb3 Qe5 36. Qf7 Re7 37. f4 Rxf7 38. fxe5 Bxe5 39. exd5 Bd4+ 0-1